| 000 | 01164nam a2200325 i 4500 | ||
|---|---|---|---|
| 001 | 000039591 | ||
| 003 | DO-SdBNP | ||
| 005 | 20241015140953.0 | ||
| 007 | ta | ||
| 008 | 130708s2002 dr ac 000 0 spa d | ||
| 020 | _a9993485837 | ||
| 040 |
_aDO-SdBNP _bspa _cBNPHU _erda |
||
| 049 | _aBNPD | ||
| 082 | 4 |
_a923.57293 _bG633R _222 |
|
| 100 | 1 |
_aRodríguez La O, Raúl, _d1946- _965755 _eautor |
|
| 245 | 1 | 0 |
_aMáximo Gómez : _bpasión y entrega / _cRaúl Rodríguez La O ; prólogo, Emilio Cordero Michel. |
| 264 |
_aSanto Domingo : _bCarieva, _c2002. |
||
| 300 |
_a186 páginas : _bilustraciones, retratos ; _c20 cm. |
||
| 336 |
_2rdacontent _atexto _btxt |
||
| 337 |
_2rdamedia _asin mediación _bnc |
||
| 338 |
_2rdacarrier _avolumen _bnc |
||
| 590 | _aInventariado, 2024/BT | ||
| 600 | 1 | 4 |
_aGómez, Máximo, _d1836-1905 _912249 |
| 651 | 4 |
_aCuba _xHistoria _y1810-1899 _92159 |
|
| 651 | 4 |
_aCuba _xHistoria _yGuerra de los diez años, 1868-1878 _911018 |
|
| 651 | 4 |
_aCuba _xHistoria _yGuerra de independencia, 1895-1898 _911019 |
|
| 700 | 1 |
_aCordero Michel, Emilio, _d1929-2018 _eprólogo _944029 |
|
| 910 | _aValidado. Control de calidad EMS. | ||
| 942 |
_2ddc _cLBS1 |
||
| 999 |
_c39081 _d39081 |
||